000 00448nam a2200157 i 4500
001 45929
003 ES-MaACL
005 20230906161312.0
007 t|
008 030327s1967 xxk ||||1| eng d
100 1 _aCole, Leo R.
_939567
245 1 4 _aThe religions instinct in the poetry of Juan Ramón Jiménez /
_cLeo R. Cole.
260 _aOxford :
_bDolphin Book,
_c1967.
300 _a204 p. ;
_c21 cm.
852 _aES-MaACL
_jC-33985
_bR.64375
999 _c45929
_d45929